| 000 | 00417nam a2200169Ia 4500 | ||
|---|---|---|---|
| 008 | 230524s9999 xx 000 0 und d | ||
| 020 | _a9780070677500 | ||
| 082 | _bYEO | ||
| 100 |
_aKiat Seng Yeo _942802 |
||
| 245 | 0 | _aLow Voltage Low Power VLSI Subsystems | |
| 250 | _a4 | ||
| 260 |
_aNew Delhi _bTMH _c2014 |
||
| 300 | _a283p; | ||
| 500 | _aQuantity Number: 1 | ||
| 700 |
_a Kaushik Roy _942803 |
||
| 942 | _cBK | ||
| 999 |
_c57780 _d57780 |
||